| LEADER 00000nam 2200000uu 4500 |
| 001 213514 |
| 003 ULIBM |
| 008 230702s||||||||th 000 0 tha d |
| 020 ^a978-1-284-15494-8
|
| 040 ^abcnkk
|
| 041 ^aeng
|
| 060 04 ^aWA950^bZ54p 2021
|
| 100 1 ^aZeni, Mary B.
|
| 245 10 ^aPrinciples of epidemiology for advanced nursing practice :^ba population health perspective /^cMary Beth Zeni
|
| 250 ^a1st ed.
|
| 260 ^aBurlington, M.A. :^bJones & Bartlett Learning ,^c2021
|
| 300 ^axi, 306 p. :^bill. ;^c23 cm.
|
| 504 ^aIncludes bibliographical references and index
|
| 650 2 ^aEpidemiology^xMethodology
|
| 650 2 ^aNurses Instruction
|
| 650 2 ^aPopulation Health
|
| 650 2 ^aPublic Health Nursing
|
| 999 ^aใช้งานได้ทุกระบบ
|